00595 2200217 4500001002100000005001700021008004100038035002400079082001300103090002000116100002700136245006600163250001200229260003100241300002400272500002700296650002100323850001200344985000600356999001500362YOGYA-0209000006205820090227040014.0 ind  0010-020900000062058 a499.2507 a499.2507bAli T aALISYAHBANA, S. Takdir aTata bahasa baru bahasa Indonesiacoleh S. Takdir Alisyahbana aCet. 44 aJakartabDian Rakyatc1983 a...Jilbilusc21 cm aYang diterima : Jil. 1 aBahasa Indonesia aYOPDYOG a1 aP000006963